|
|
|
|
| LEADER |
01104nam a2200289 a 4500 |
| 001 |
000034274 |
| 003 |
CZ BrMZK |
| 005 |
20110720091241.0 |
| 008 |
950407s1995 xr f cze d |
| 020 |
|
|
|a 80-7041-193-7
|
| 040 |
|
|
|a BOA001
|b cze
|
| 080 |
|
|
|a 519.6(075.8)
|2 MRF
|
| 080 |
|
|
|a 681.3(075.8)
|2 MRF
|
| 100 |
1 |
|
|a Pěničková-Měřičková, Marie
|7 mzk2011650449
|4 aut
|
| 245 |
1 |
0 |
|a Základy informatiky /
|c Marie Pěničková-Měřičková.
|
| 260 |
|
|
|a Hradec Králové :
|b Gaudeamus,
|c 1995
|
| 300 |
|
|
|a 66 s. :
|b tab. ;
|c 21 cm
|
| 500 |
|
|
|a Vyd. Vysoká škola pedagogická v Hradci Králové, fakulta řízení a informační technologie, katedra teoretické informatiky
|
| 653 |
0 |
|
|a informatika
|a vysoké školy
|
| 710 |
2 |
|
|a Vysoká škola pedagogická v Hradci Králové.
|b Katedra teoretické informatiky
|7 kn20050908071
|
| 910 |
|
|
|a BOA001
|b PK-0123.633
|
| 962 |
|
|
|a 681.3
|
| 962 |
|
|
|a 378
|
| 962 |
|
|
|a 519.6
|
| 964 |
|
|
|a Informatika
|x učebnice
|x školy vysoké
|
| 990 |
|
|
|a BK
|
| 996 |
7 |
|
|b 3119001156
|c PK-0123.633
|l MZK
|r Sklad / do 1 hodiny
|n 4
|p kup
|w 000034274
|u 000010
|a 1
|e BOA001
|j MZK50
|s A
|